00780nam a2200169 a 450000100100000000500170001000800410002704000250006808200150009310000290010824502360013725000110037326000680038430000280045295201130048099900170059300003383720200930070547.0110913s1791 sp a 000 0 spa d aDO-SdBNPbspacBNPHU axxxbG216a1 aGarcía, Santiago9987010aAdmirable y prodigiosa vida de la seráfica y esclarecida virgen Santa Catalina de Sena, de la tercera orden de penitencia que fundó Santo Domingo, inclito patriarca de la religión ilustre de predicadores /cSantiago García. a2a ed. aSalamanca, España :bOficina de D. Francisco de Toxar,c1791. a496 p. :bil. ;c20 cm. 001050718RVaGRbGRcCTd2011-09-13iLF1l0oxxx G216ap33837-10r2020-06-25w2020-06-25y1ZNo se presta c33328d33328